Visualizzazione normale
Vista MARC
- Schubert Franz
di Personal Name
Records bibliografici associati: 20
001 - CONTROL NUMBER
- control field: 4075
003 - CONTROL NUMBER IDENTIFIER
- control field: IT-RoPau
005 - DATE AND TIME OF LATEST TRANSACTION
- control field: 20131127155307.0
008 - FIXED-LENGTH DATA ELEMENTS
- fixed length control field: 131127|| aca||aabn | a|a d
040 ## - CATALOGING SOURCE
- Original cataloging agency: IT-RoPau
- Transcribing agency: IT-RoPau
100 ## - HEADING--PERSONAL NAME
- Personal name: Schubert Franz
670 ## - SOURCE DATA FOUND
- Source citation: Work cat.: (IT-RoPau)102885: Schubert Franz, Octet For Strings and Winds - op. 166